[Event "OLOA 1920 SV Sangerhausen - Nickelhütt"]
[Site "?"]
[Date "2020.02.29"]
[Round "8.5"]
[White "Heinz, Juergen"]
[Black "Richter, Dustin"]
[Result "0-1"]
[WhiteElo "2178"]
[BlackElo "2141"]
[PlyCount "100"]
[EventDate "2020.??.??"]
[EventType "team-tourn"]

{[%evp 0,28,24,13,27,-3,-3,-2,11,4,-9,-18,-11,-11,1,-29,-23,-12,6,20,22,27,26,
21,16,3,7,17,38,32,11]} 1. d4 Nf6 2. Bg5 d5 3. Nd2 Nc6 4. e3 e5 5. Bb5 exd4 6.
exd4 Be7 7. Ne2 O-O 8. c3 Ne4 9. Bxe7 Nxe7 10. Nxe4 dxe4 11. Ng3 f5 12. Bc4+
Kh8 13. Qd2 Qd6 14. O-O Bd7 15. Rad1 Rae8 16. Rfe1 Ng6 17. Bb3 Qf4 18. Qxf4
Nxf4 19. Bc2 Bb5 20. Rd2 Bd3 21. Ba4 b5 22. Bb3 g6 23. a4 a6 24. axb5 axb5 25.
Ra1 Ra8 26. Rdd1 Kg7 27. h4 Kf6 28. Kh2 c6 29. Nh1 Rfc8 30. g3 Ne6 31. Rxa8
Rxa8 32. f4 Nc7 33. Re1 Bc4 34. Bxc4 bxc4 35. Nf2 Nd5 36. Kg2 Ra2 37. Nd1 h6
38. Kf2 g5 39. fxg5+ hxg5 40. h5 e3+ 41. Nxe3 Rxb2+ 42. Kg1 Nxc3 43. Nxc4 Rc2
44. Ne3 Re2 45. Rxe2 Nxe2+ 46. Kf2 Nxd4 47. Nc4 g4 48. Ke3 c5 49. Nb2 Kg5 50.
Nd3 Ne6 0-1

[Event "OLOA 1920 SV Sangerhausen - Nickelhütt"]
[Site "?"]
[Date "2020.02.29"]
[Round "8.6"]
[White "Buerckner, Georg"]
[Black "Bulockin, Martin"]
[Result "1/2-1/2"]
[WhiteElo "2029"]
[BlackElo "2264"]
[PlyCount "60"]
[EventDate "2020.??.??"]
[EventType "team-tourn"]

1. e4 c5 2. c3 d5 3. exd5 Qxd5 4. d4 Nf6 5. Nf3 Bg4 6. Be2 e6 7. O-O Nc6 8. Be3
cxd4 9. Nxd4 Bxe2 10. Qxe2 Nxd4 11. Bxd4 Qh5 12. Qxh5 Nxh5 13. Nd2 Nf4 14. Rfe1
O-O-O 15. Nc4 Nd3 16. Re3 b5 17. Na5 Nxb2 18. Nc6 Rd5 19. Nxa7+ Kb7 20. Rb1 Ba3
21. c4 Rxd4 22. Nxb5 Bc5 23. Nxd4 Bxd4 24. Rxb2+ Bxb2 25. Rb3+ Kc6 26. Rxb2 Ra8
27. Kf1 Ra4 28. Rc2 Kc5 29. Ke2 e5 30. g3 f5 1/2-1/2

[Event "OLOA 1920 SV Sangerhausen - Nickelhütt"]
[Site "?"]
[Date "2020.02.29"]
[Round "8.7"]
[White "Poessel, Christian"]
[Black "Ellemann, Stefan"]
[Result "0-1"]
[WhiteElo "1998"]
[BlackElo "2041"]
[PlyCount "78"]
[EventDate "2020.??.??"]
[EventType "team-tourn"]

{[%evp 0,34,24,13,35,-10,31,20,32,7,22,39,18,16,4,-12,21,8,19,-24,-18,-16,-20,
-38,-3,16,70,15,18,-63,-53,-55,-8,-4,-6,-6,-16]} 1. d4 d5 2. c4 c6 3. Nf3 Nf6
4. g3 Bg4 5. Ne5 Bf5 6. Nc3 e6 7. Bg2 Be7 8. O-O O-O 9. a4 Nbd7 10. Nxd7 Qxd7
11. a5 Rac8 12. c5 Ne8 13. f3 e5 14. dxe5 Bxc5+ 15. Kh1 Rd8 16. Na4 Be7 17. Qd4
a6 18. Nc5 Qc8 19. Be3 Nc7 20. Rac1 Nb5 21. Qd2 Rfe8 22. Na4 Bf8 23. Bb6 Rd7
24. g4 Be6 25. h3 f6 26. exf6 gxf6 27. Bc5 Qc7 28. f4 f5 29. Bb6 Qc8 30. g5 Bf7
31. Bf3 Rde7 32. Qd3 Bg7 33. h4 d4 34. Rc5 Re3 35. Qxf5 Qxf5 36. Rxf5 Bc4 37.
Bh5 Bxe2 38. Bxe8 Rxe8 39. Rg1 d3 0-1

[Event "OLOA 1920 USV Halle - SG Leipzig I"]
[Site "?"]
[Date "2020.02.29"]
[Round "8.1"]
[White "Natsidis, Christoph"]
[Black "Becker, Michael"]
[Result "1-0"]
[WhiteElo "2352"]
[BlackElo "2280"]
[PlyCount "135"]
[EventDate "2020.??.??"]
[EventType "team-tourn"]

{[%evp 0,38,24,13,27,-10,4,32,59,68,66,60,101,60,53,84,76,61,61,71,60,73,67,79,
71,57,58,63,107,74,88,72,101,101,97,95,69,35,64,-28,11]} 1. d4 Nf6 2. c4 c5 3.
d5 b5 4. cxb5 a6 5. bxa6 g6 6. Nc3 Bxa6 7. e4 Bxf1 8. Kxf1 d6 9. g3 Bg7 10. Kg2
O-O 11. Nf3 Nbd7 12. a4 Qb6 13. Qe2 Rfb8 14. Nb5 Ne8 15. Nd2 Nc7 16. Nc4 Qb7
17. Nxc7 Qxc7 18. Bd2 Ne5 19. Rhb1 Nxc4 20. Qxc4 Bxb2 21. Ra2 Bd4 22. Rb5 h5
23. Be1 h4 24. gxh4 Qd7 25. Rxb8+ Rxb8 26. h3 Qb7 27. a5 Qb1 28. Qe2 c4 29. Rc2
Rc8 30. Bc3 Bxc3 31. Rxc3 Qa1 32. Rxc4 Rxc4 33. Qxc4 Qxa5 34. Qc8+ Kg7 35. Qg4
Qc3 36. h5 Qe5 37. hxg6 fxg6 38. h4 Kf7 39. Kf3 Qc3+ 40. Kg2 Qe5 41. f3 Kg7 42.
Qg5 Qb2+ 43. Kg3 Kf7 44. h5 gxh5 45. Qxh5+ Kg7 46. Qg5+ Kf7 47. Qf5+ Kg7 48.
Kh4 Qh2+ 49. Kg5 Qg3+ 50. Qg4 Qe5+ 51. Kh4+ Kf6 52. Qg3 Qa1 53. Kg4 Kg6 54.
Kf4+ Kf7 55. Qg5 Ke8 56. Kf5 Qe5+ 57. Kg6 Qh8 58. Qh5 Qf6+ 59. Kh7+ Kd8 60. Qf5
Qh4+ 61. Kg8 Qg3+ 62. Kf7 Qh4 63. f4 Qh8 64. e5 dxe5 65. fxe5 Qh2 66. d6 Qa2+
67. Kf8 exd6 68. e6 1-0

[Event "OLOA 1920 USV Halle - SG Leipzig I"]
[Site "?"]
[Date "2020.02.29"]
[Round "8.2"]
[White "Hartge, Gedeon"]
[Black "Richter, Leonard"]
[Result "1-0"]
[WhiteElo "2229"]
[BlackElo "2278"]
[PlyCount "83"]
[EventDate "2020.??.??"]
[EventType "team-tourn"]

1. d4 Nf6 2. c4 g6 3. f3 Bg7 4. e4 d6 5. Nc3 O-O 6. Nge2 b6 7. Bg5 c5 8. d5 e6
9. Ng3 exd5 10. cxd5 h6 11. Be3 Ba6 12. Bxa6 Nxa6 13. Qd2 Kh7 14. O-O Qd7 15.
a4 Nb4 16. h3 a6 17. Rad1 Rfe8 18. f4 Rac8 19. Kh1 b5 20. axb5 axb5 21. e5 dxe5
22. f5 c4 23. fxg6+ fxg6 24. Rxf6 Bxf6 25. Nce4 Be7 26. Qxb4 Bxb4 27. Nf6+ Kg7
28. Nxd7 c3 29. bxc3 Rxc3 30. Bf2 Rc2 31. Bg1 Bc3 32. Ne4 Bd4 33. Bxd4 exd4 34.
Ndc5 Rc4 35. Ne6+ Rxe6 36. dxe6 d3 37. Nd6 Kf6 38. Nxc4 bxc4 39. Kg1 Kxe6 40.
Kf2 Kd5 41. Ke3 Kc5 42. Rb1 1-0

[Event "OLOA 1920 USV Halle - SG Leipzig I"]
[Site "?"]
[Date "2020.02.29"]
[Round "8.3"]
[White "Nguyen, Alex Dac-Vuong"]
[Black "Hoepfl, Thomas"]
[Result "1-0"]
[WhiteElo "2362"]
[BlackElo "2253"]
[PlyCount "83"]
[EventDate "2020.??.??"]
[EventType "team-tourn"]

{[%evp 0,83,24,23,23,23,23,28,8,3,101,-17,48,48,68,66,75,60,83,69,66,61,81,93,
93,79,75,63,59,32,83,74,71,68,65,51,110,86,107,72,85,12,18,18,8,15,5,13,13,8,4,
6,0,0,-3,-4,0,-11,-17,-17,43,42,94,92,96,62,57,57,95,92,91,88,93,101,86,86,185,
218,195,190,292,210,207,214,214,222]} 1. e4 e5 2. Nf3 Nc6 3. Bb5 Nf6 4. O-O
Nxe4 5. d4 Nd6 6. Bxc6 dxc6 7. dxe5 Nf5 8. Qxd8+ Kxd8 9. Rd1+ Ke8 10. Nc3 Ne7
11. h3 Ng6 12. Be3 h6 13. Rac1 Be6 14. Ne2 Be7 15. Ned4 Bd7 16. c4 b6 17. Ne2
h5 18. Rd2 Rd8 19. Rcd1 h4 20. Bf4 Nxf4 21. Nxf4 g5 22. e6 Bxe6 23. Rxd8+ Bxd8
24. Nxe6 fxe6 25. Ne5 Bf6 26. Nxc6 Bxb2 27. Rd8+ Kf7 28. Rd7+ Kf6 29. Rxc7 e5
30. Kf1 Bd4 31. Nxd4 exd4 32. Rxa7 Rc8 33. Ra4 Ke5 34. Ke2 Ke4 35. Rb4 Ra8 36.
a4 Ra5 37. Kd2 Rc5 38. f3+ Kf4 39. Kd3 Re5 40. Rb2 Ra5 41. Rxb6 Rxa4 42. Rb2
1-0

[Event "OLOA 1920 USV Halle - SG Leipzig I"]
[Site "?"]
[Date "2020.02.29"]
[Round "8.4"]
[White "Puls, Thomas"]
[Black "Heistermann, Till"]
[Result "1/2-1/2"]
[WhiteElo "2177"]
[BlackElo "2166"]
[PlyCount "99"]
[EventDate "2020.??.??"]
[EventType "team-tourn"]

{[%evp 0,99,17,23,51,59,54,10,19,12,0,20,18,13,-8,-10,-7,-3,-10,2,53,53,52,63,
67,67,73,71,78,85,69,73,69,74,61,58,78,84,91,108,129,113,123,82,150,115,149,
113,291,107,124,118,112,89,109,61,107,74,90,71,60,36,41,48,856,52,855,65,762,
91,809,54,87,-13,30,-13,-35,-98,-26,-102,-92,-101,-92,-97,-107,-113,-64,-78,
-90,-112,-64,-59,-62,-53,-51,-60,-59,-58,-54,-53,-52,-40]} 1. e4 c5 2. Nf3 e6
3. g3 Nc6 4. Bg2 Nf6 5. Qe2 d5 6. exd5 Nxd5 7. Nc3 Be7 8. O-O O-O 9. Re1 Ncb4
10. Nxd5 Nxd5 11. d4 cxd4 12. Nxd4 Bf6 13. Rd1 Qe7 14. c4 Nc7 15. Be3 e5 16.
Nb3 Ne6 17. Rd5 Qc7 18. Rad1 Be7 19. Rb5 Nd8 20. Bd2 Be6 21. Rc1 Rc8 22. Rxe5
Bd6 23. Re4 Bf5 24. Re8 Nc6 25. Rxf8+ Bxf8 26. Be3 Rd8 27. Qf3 Be6 28. Qe2 g6
29. Nd2 Bg7 30. Nf3 h6 31. b3 Qe5 32. Rc2 Kh7 33. h3 Bf5 34. Rd2 Re8 35. Rd5
Qc3 36. Kh2 Nb4 37. Qd2 Nxd5 38. cxd5 b6 39. Qd1 Qc2 40. Qxc2 Bxc2 41. Nd2 Bd3
42. Nc4 Bxc4 43. bxc4 Bf8 44. Bf3 Bd6 45. Kg2 Kg7 46. Bd1 Rc8 47. Bb3 g5 48.
Kf3 Kf6 49. Bd2 Be5 50. Ke4 1/2-1/2

[Event "OLOA 1920 USV Halle - SG Leipzig I"]
[Site "?"]
[Date "2020.02.29"]
[Round "8.6"]
[White "Schulte, Felix"]
[Black "Gempe, Thomas"]
[Result "1/2-1/2"]
[WhiteElo "2165"]
[BlackElo "2192"]
[PlyCount "45"]
[EventDate "2020.??.??"]
[EventType "team-tourn"]

1. d4 Nf6 2. c4 e6 3. Nc3 Bb4 4. f3 d5 5. a3 Bxc3+ 6. bxc3 O-O 7. cxd5 exd5 8.
e3 Bf5 9. Bd3 Bxd3 10. Qxd3 Re8 11. Ne2 c5 12. O-O cxd4 13. cxd4 Nc6 14. Ng3
Rc8 15. Bb2 Na5 16. Rae1 Nc4 17. Bc1 Qb6 18. Kh1 Nd6 19. e4 Qb5 20. Qxb5 Nxb5
21. Nf5 g6 22. Ng3 Re6 23. Bb2 1/2-1/2

[Event "OLOA 1920 USV Halle - SG Leipzig I"]
[Site "?"]
[Date "2020.02.29"]
[Round "8.7"]
[White "Hoffmann, Hendrik"]
[Black "Luther, Juergen"]
[Result "1-0"]
[WhiteElo "2238"]
[BlackElo "2130"]
[PlyCount "59"]
[EventDate "2020.??.??"]
[EventType "team-tourn"]

{[%evp 0,36,23,23,48,28,37,37,1,1,-14,10,14,19,14,19,32,6,27,12,11,26,24,-15,
66,78,102,109,97,105,89,98,99,99,121,103,103,24,56]} 1. e4 e6 2. d4 d5 3. Nd2
Nf6 4. e5 Nfd7 5. Bd3 c5 6. c3 Nc6 7. Ne2 Be7 8. f4 Qb6 9. Nf3 cxd4 10. cxd4 f6
11. a3 a5 12. Qc2 Nf8 13. O-O f5 14. Kh1 Bd7 15. Be3 Rc8 16. Nc3 Na7 17. Qe2
Ng6 18. g4 fxg4 19. Ng5 Bxg5 20. fxg5 Ne7 21. Kg1 g6 22. Rf6 Ng8 23. Nxd5 Qb3
24. Qf2 Ne7 25. Nxe7 Kxe7 26. d5 Qxd5 27. Rf7+ Ke8 28. Qf6 Nc6 29. Qxh8+ Kxf7
30. Rf1+ 1-0

[Event "OLOA 1920 USV Halle - SG Leipzig I"]
[Site "?"]
[Date "2020.02.29"]
[Round "8.8"]
[White "Schulemann, Gero"]
[Black "Rausch, Stephan"]
[Result "0-1"]
[WhiteElo "1888"]
[BlackElo "2272"]
[PlyCount "84"]
[EventDate "2020.??.??"]
[EventType "team-tourn"]

{[%evp 0,37,23,23,28,37,36,10,14,14,14,19,19,19,24,24,24,24,29,25,25,41,28,35,
71,0,-1,0,11,-71,68,10,41,31,31,28,37,33,33,35]} 1. e4 e6 2. d4 d5 3. Nd2 Nf6
4. e5 Nfd7 5. Bd3 c5 6. c3 Nc6 7. Ne2 cxd4 8. cxd4 Qb6 9. Nf3 f6 10. exf6 Nxf6
11. O-O Bd6 12. Nc3 O-O 13. Be3 Bd7 14. Rc1 Be8 15. Ng5 Nd8 16. Qd2 h6 17. Nf3
Ng4 18. Ne5 Bxe5 19. dxe5 Nxe3 20. fxe3 Rxf1+ 21. Rxf1 Nf7 22. Qf2 Qb4 23. Qf4
Qe7 24. h4 h5 25. Ne2 Nh6 26. Nd4 Bf7 27. Nb5 Rd8 28. Nd6 Rd7 29. Qg3 Qd8 30.
Qf4 Qb6 31. Rc1 Rc7 32. Rxc7 Qxc7 33. e4 Qb6+ 34. Kh2 Bg6 35. Qg5 Ng4+ 36. Kh3
Qg1 37. Kg3 Kh7 38. b3 Qh2+ 39. Kf3 Nxe5+ 40. Ke2 Nxd3 41. Nf5 exf5 42. Kxd3
dxe4+ 0-1

[Event "OLOA 1920 SK König Plauen I - SV Rocha"]
[Site "?"]
[Date "2020.02.29"]
[Round "8.1"]
[White "Hollan, Martin"]
[Black "Sandner, Gunter"]
[Result "1/2-1/2"]
[WhiteElo "2339"]
[BlackElo "2275"]
[PlyCount "98"]
[EventDate "2020.??.??"]
[EventType "team-tourn"]

{[%evp 0,28,23,-18,-10,-18,-30,-21,-27,-34,-20,-11,-4,-10,-2,-5,18,5,21,8,38,
42,48,0,0,-1,29,39,55,31,49]} 1. c4 Nf6 2. Nc3 e5 3. Nf3 Nc6 4. e4 Bb4 5. d3 d6
6. a3 Bxc3+ 7. bxc3 Bg4 8. Rb1 b6 9. h3 Bxf3 10. Qxf3 h6 11. g4 Nh7 12. h4 Qf6
13. Qd1 O-O-O 14. Be3 g5 15. h5 Na5 16. d4 exd4 17. cxd4 Rhe8 18. f3 Qe7 19.
Qa4 Nf6 20. Bd3 c5 21. Rb5 Nc6 22. dxc5 dxc5 23. Bxc5 Qb7 24. Bc2 Nd4 25. Bxd4
Rxd4 26. Rf5 Re6 27. O-O Qc7 28. Kg2 Rd2+ 29. Rf2 Rxf2+ 30. Kxf2 Qh2+ 31. Kf1
Rd6 32. Rd5 Nxd5 33. exd5 Kb7 34. Be4 Qe5 35. c5 Qa1+ 36. Kg2 Qb2+ 37. Kh3 bxc5
38. Qe8 Qb6 39. Qxf7+ Qc7 40. Qe8 a6 41. Qe5 Ka7 42. a4 Rd7 43. Qh8 Qd6 44. a5
Rc7 45. Qc3 c4 46. Qd4+ Rc5 47. Qg7+ Rc7 48. Qd4+ Rc5 49. Qg7+ Rc7 1/2-1/2

[Event "OLOA 1920 SK König Plauen I - SV Rocha"]
[Site "?"]
[Date "2020.02.29"]
[Round "8.2"]
[White "Kuraszkiewicz, Michael"]
[Black "Hollan, Petr"]
[Result "1-0"]
[WhiteElo "2268"]
[BlackElo "2315"]
[PlyCount "79"]
[EventDate "2020.??.??"]
[EventType "team-tourn"]

1. d4 Nf6 2. c4 c5 3. d5 g6 4. Nc3 Bg7 5. e4 d6 6. f4 O-O 7. Nf3 e6 8. dxe6
fxe6 9. Bd3 Kh8 10. O-O d5 11. e5 Ng8 12. Nb5 a6 13. Nd6 b5 14. Ng5 Nh6 15.
cxd5 exd5 16. Be4 Qb6 17. Qxd5 c4+ 18. Kh1 Ra7 19. Rf3 Re7 20. Be3 Qc7 21. Rc1
Bd7 22. b3 Bc6 23. Qd2 Bxe4 24. Ngxe4 Ng4 25. bxc4 Nxe3 26. Qxe3 bxc4 27. Qe2
Bh6 28. Rxc4 Qd7 29. g3 Qe6 30. Rfc3 Nd7 31. Rc8 g5 32. Rxf8+ Nxf8 33. Rc8 gxf4
34. gxf4 Qg8 35. Nf6 Qg6 36. f5 Qg5 37. Qg4 Kg7 38. Nh5+ Kg8 39. Qc4+ Kh8 40.
Nf7+ 1-0

[Event "OLOA 1920 SK König Plauen I - SV Rocha"]
[Site "?"]
[Date "2020.02.29"]
[Round "8.3"]
[White "Kuchynka, Lukas"]
[Black "Kunze, Carlo"]
[Result "1/2-1/2"]
[WhiteElo "2297"]
[BlackElo "2259"]
[PlyCount "52"]
[EventDate "2020.??.??"]
[EventType "team-tourn"]

{[%evp 0,42,23,21,24,24,24,24,40,39,30,32,30,27,33,16,26,16,14,5,18,26,44,40,
48,34,52,59,64,46,45,59,43,34,83,87,83,71,76,32,57,64,46,46,54]} 1. d4 Nf6 2.
Bf4 e6 3. e3 b6 4. Nd2 Bb7 5. Ngf3 Be7 6. h3 O-O 7. Bd3 c5 8. c3 Nc6 9. O-O d6
10. Qe2 cxd4 11. exd4 Re8 12. Bh2 Bf8 13. Rad1 Qd7 14. Ng5 Ne7 15. Nde4 Nxe4
16. Nxe4 Bxe4 17. Qxe4 g6 18. Rfe1 Bg7 19. h4 Nd5 20. h5 b5 21. Qh4 Rac8 22.
Qg3 Red8 23. Qf3 a6 24. Bg3 Nb6 25. Bf4 Rc7 26. g3 Qe7 1/2-1/2

[Event "OLOA 1920 SK König Plauen I - SV Rocha"]
[Site "?"]
[Date "2020.02.29"]
[Round "8.4"]
[White "Zaehringer, Daniel"]
[Black "Bednar, Marcel"]
[Result "0-1"]
[WhiteElo "2135"]
[BlackElo "2250"]
[PlyCount "46"]
[EventDate "2020.??.??"]
[EventType "team-tourn"]

{[%evp 52,52,43]} 1. d4 Nf6 2. Bg5 e6 3. Nd2 h6 4. Bh4 c5 5. e4 Nc6 6. d5 exd5
7. exd5 Qe7+ 8. Be2 Nd4 9. Bxf6 Qxf6 10. c3 Nxe2 11. Qxe2+ Kd8 12. Ngf3 Qe7 13.
Ne4 d6 14. O-O-O Bf5 15. Rhe1 Qd7 16. Ng3 Bh7 17. Qc4 g5 18. Nd2 Bg7 19. f4 Re8
20. Rxe8+ Kxe8 21. Nh5 Kf8 22. Nxg7 Kxg7 23. b3 Qf5 0-1

[Event "OLOA 1920 SK König Plauen I - SV Rocha"]
[Site "?"]
[Date "2020.02.29"]
[Round "8.5"]
[White "Niering, Martin"]
[Black "Pfretzschner, Roland"]
[Result "0-1"]
[WhiteElo "2196"]
[BlackElo "2227"]
[PlyCount "82"]
[EventDate "2020.??.??"]
[EventType "team-tourn"]

{[%evp 0,49,23,23,39,52,54,63,91,70,73,73,87,63,98,78,77,74,80,61,56,43,47,32,
38,26,26,15,59,9,0,-7,-7,-3,3,-16,31,-17,68,42,103,55,97,45,80,0,0,-8,-15,-20,
-20,-20]} 1. e4 c5 2. Nc3 e6 3. Nf3 a6 4. d4 cxd4 5. Nxd4 b5 6. Bd3 Qb6 7. Nb3
Qc7 8. Be3 Bb7 9. O-O Nf6 10. a3 d6 11. f3 Be7 12. Qe1 O-O 13. Qg3 Rd8 14. a4
b4 15. Na2 Nc6 16. Rac1 Qd7 17. Nd2 Ne5 18. b3 Nxd3 19. cxd3 a5 20. Nc4 Ra6 21.
Nb6 Qe8 22. Rc7 Rb8 23. Rfc1 Bd8 24. Qxd6 Bxc7 25. Rxc7 h6 26. Qc5 Bxe4 27.
dxe4 Raxb6 28. Qxa5 Rc6 29. Qe5 Rxc7 30. Qxc7 Rc8 31. Qe5 Qd7 32. Nxb4 Qd1+ 33.
Kf2 Qxb3 34. Qb5 Qb2+ 35. Kg3 Kh7 36. Nc6 Qc3 37. Na7 Rc7 38. Bb6 Qe1+ 39. Kh3
g5 40. g4 Rc2 41. Nc6 Qd2 0-1

[Event "OLOA 1920 SK König Plauen I - SV Rocha"]
[Site "?"]
[Date "2020.02.29"]
[Round "8.6"]
[White "Hoerr, Matthias"]
[Black "Stolz, Mike"]
[Result "0-1"]
[WhiteElo "2159"]
[BlackElo "2320"]
[PlyCount "76"]
[EventDate "2020.??.??"]
[EventType "team-tourn"]

1. e4 c5 2. Nf3 Nc6 3. d4 cxd4 4. Nxd4 Nf6 5. Nc3 g6 6. Be3 Bg7 7. Bc4 O-O 8.
Bb3 Ng4 9. Qxg4 Nxd4 10. Qd1 Nc6 11. Qd2 Qa5 12. Bh6 Qe5 13. h4 Qd4 14. Qg5
Bxh6 15. Qxh6 Qg7 16. Qe3 h6 17. O-O-O d6 18. g4 Be6 19. f4 Bxg4 20. Rd2 h5 21.
Rg1 Rad8 22. f5 e6 23. fxe6 fxe6 24. Nb5 Rf3 25. Qg5 Rdf8 26. Bc4 Ne5 27. Be2
Rf2 28. Bxg4 hxg4 29. Rxf2 Rxf2 30. Qd8+ Qf8 31. Qxf8+ Kxf8 32. b3 Ke7 33. Nxa7
Re2 34. Rd1 g3 35. Nc8+ Kf8 36. Nxd6 g2 37. Nxb7 Nf3 38. a4 Ne1 0-1

[Event "OLOA 1920 SK König Plauen I - SV Rocha"]
[Site "?"]
[Date "2020.02.29"]
[Round "8.7"]
[White "Kuna, Ralf-Michael"]
[Black "Linnert, Niklas"]
[Result "1/2-1/2"]
[WhiteElo "2119"]
[BlackElo "2046"]
[PlyCount "320"]
[EventDate "2020.??.??"]
[EventType "team-tourn"]

{[%evp 0,65,23,23,39,39,100,80,78,66,62,39,74,26,51,23,20,32,53,40,52,48,47,35,
62,62,96,67,101,101,65,60,47,31,31,35,39,8,15,14,13,14,9,-10,51,56,67,6,17,-4,
26,-2,122,122,284,-150,-148,-109,-37,-37,54,57,142,-19,3,-1,0,0]} 1. e4 c5 2.
Nf3 d6 3. d4 Nf6 4. Nc3 cxd4 5. Nxd4 a6 6. a4 e5 7. Nf3 Be6 8. Ng5 Qc7 9. Nxe6
fxe6 10. Be2 Nbd7 11. O-O Nc5 12. Bc4 Rd8 13. Bg5 Be7 14. Bxf6 Bxf6 15. Qg4 h5
16. Qh3 g5 17. Qf3 Qf7 18. Rfd1 Be7 19. b4 Nd7 20. Qe3 Rc8 21. Bb3 Nf6 22. Rd3
h4 23. Rad1 Nh5 24. g3 hxg3 25. hxg3 Nf4 26. gxf4 Qh5 27. Kf1 Rxc3 28. fxe5 Qg4
29. Qg3 Rh1+ 30. Kg2 Qxe4+ 31. Qf3 Qxf3+ 32. Rxf3 Rxd1 33. Rxc3 dxe5 34. Rc4
Kd7 35. Re4 Kd6 36. Kf3 Bd8 37. c4 Rb1 38. c5+ Ke7 39. Bc2 Rb2 40. Bd3 Kf6 41.
b5 axb5 42. axb5 Rb3 43. Ke3 Be7 44. c6 bxc6 45. bxc6 Bc5+ 46. Kd2 Rb6 47. Bb5
Bd6 48. Ba4 Rb2+ 49. Bc2 Bc7 50. Kc3 Ra2 51. f3 Ra6 52. Ba4 Ke7 53. Kb4 Kd6 54.
Re3 Bb6 55. Rd3+ Bd4 56. Rd2 Ra8 57. Rc2 Kc7 58. Rh2 Kd6 59. Rh7 Rxa4+ 60. Kxa4
Kxc6 61. Rh2 Be3 62. Re2 Bf4 63. Kb4 Kd6 64. Kc4 Bg3 65. Rd2+ Ke7 66. Kd3 Kf6
67. Ke4 Bf4 68. Rd1 Bg3 69. Rh1 Kg6 70. Rh8 Bf4 71. Kd3 Kg7 72. Rd8 Kf6 73. Ke2
Kf5 74. Rf8+ Kg6 75. Kf2 Kg7 76. Rc8 Kf6 77. Kg2 Kf5 78. Rf8+ Kg6 79. Kh3 Kg7
80. Rc8 Kg6 81. Kg4 Kg7 82. Kh5 Kf6 83. Kg4 Kg6 84. Kh3 Kf5 85. Re8 Kf6 86. Kg2
Kf7 87. Rc8 Kf6 88. Kf2 Kg6 89. Ke2 Kf6 90. Kd3 Kf5 91. Rf8+ Kg6 92. Kc4 Kg7
93. Ra8 Kg6 94. Kc5 Kf6 95. Kc6 e4 96. fxe4 Ke5 97. Kd7 Kxe4 98. Kxe6 g4 99.
Ra4+ Ke3 100. Kf5 Bd6 101. Rxg4 Kd3 102. Ke6 Bc5 103. Kd5 Bf2 104. Ra4 Ke3 105.
Re4+ Kd3 106. Re6 Bg1 107. Rh6 Ke3 108. Ke5 Kd3 109. Rh1 Bf2 110. Rh3+ Kc4 111.
Rh1 Kd3 112. Rf1 Ke2 113. Ra1 Kf3 114. Kf5 Bd4 115. Ra3+ Kg2 116. Kg4 Bc5 117.
Ra2+ Kh1 118. Rc2 Bd4 119. Kf3 Bb6 120. Kg3 Bg1 121. Rc6 Bh2+ 122. Kf3 Bg1 123.
Rc1 Kh2 124. Kg4 Kg2 125. Rb1 Kh1 126. Rb2 Bh2 127. Kh3 Bg1 128. Kg3 Bd4 129.
Rh2+ Kg1 130. Rh5 Bf2+ 131. Kf3 Bb6 132. Rb5 Bd4 133. Rd5 Bb6 134. Rb5 Bd4 135.
Rg5+ Kh1 136. Rh5+ Kg1 137. Rh6 Bc5 138. Rc6 Bd4 139. Rc4 Bb6 140. Kg3 Kh1 141.
Rc6 Bd4 142. Rh6+ Kg1 143. Rh5 Bf2+ 144. Kf3 Bd4 145. Rh4 Bb6 146. Rb4 Bc5 147.
Rc4 Bb6 148. Rb4 Bc5 149. Rh4 Bb6 150. Rg4+ Kh1 151. Rg2 Bc5 152. Kg3 Bd6+ 153.
Kh3 Bc5 154. Rh2+ Kg1 155. Rc2 Bd4 156. Rd2 Bb6 157. Rb2 Bd4 158. Re2 Kh1 159.
Kg3 Bc5 160. Rh2+ Kg1 1/2-1/2

[Event "OLOA 1920 SK König Plauen I - SV Rocha"]
[Site "?"]
[Date "2020.02.29"]
[Round "8.8"]
[White "Pivtorak, Ilya"]
[Black "Hoffmann, Uwe"]
[Result "1-0"]
[WhiteElo "1475"]
[BlackElo "2122"]
[PlyCount "55"]
[EventDate "2020.??.??"]
[EventType "team-tourn"]

1. d4 d5 2. Bf4 Nf6 3. Nf3 e6 4. e3 Be7 5. h3 b6 6. c3 O-O 7. Ne5 Bb7 8. Nd2
Ne4 9. Bd3 f6 10. Nef3 Nxd2 11. Nxd2 Ba6 12. Bc2 Rf7 13. h4 Nd7 14. Qh5 Nf8 15.
Nf3 Bd6 16. Bxd6 Qxd6 17. g4 c5 18. g5 cxd4 19. Bxh7+ Nxh7 20. g6 dxe3 21.
gxh7+ Kh8 22. Qxf7 exf2+ 23. Kxf2 Rf8 24. Qxa7 Bd3 25. Rag1 Qc5+ 26. Nd4 g6 27.
h5 Qd6 28. h6 1-0

[Event "OLOA 1920 SK König Plauen II - SG AE M"]
[Site "?"]
[Date "2020.02.29"]
[Round "8.1"]
[White "Rafayevych, Vilen"]
[Black "Burian, Simon"]
[Result "1-0"]
[WhiteElo "2112"]
[BlackElo "2225"]
[PlyCount "157"]
[EventDate "2020.??.??"]
[EventType "team-tourn"]

{[%evp 0,52,23,26,24,-10,32,37,85,60,46,60,96,84,195,60,78,52,73,27,35,37,27,
10,37,34,57,40,57,-47,73,79,73,59,73,73,81,74,60,54,79,74,115,74,74,108,44,21,
21,21,-12,-12,15,25,46]} 1. d4 Nf6 2. c4 c5 3. d5 b5 4. cxb5 a6 5. bxa6 g6 6.
Nc3 Bg7 7. Nf3 O-O 8. g3 Bxa6 9. Bg2 d6 10. Rb1 Nbd7 11. O-O Qa5 12. Bd2 Nb6
13. Qc1 Nc4 14. Bh6 Nd7 15. Bxg7 Kxg7 16. b3 Na3 17. Rb2 Rfb8 18. Rd1 Qb4 19.
Rbd2 Ra7 20. e4 Rc7 21. Qa1 Kg8 22. e5 c4 23. e6 fxe6 24. dxe6 Nf6 25. bxc4
Bxc4 26. Nd4 Rbc8 27. Ne4 Nxe4 28. Bxe4 Ba6 29. Qb2 Qxb2 30. Rxb2 Rc1 31. Rbd2
Kg7 32. h4 Kf6 33. Bd5 Rxd1+ 34. Rxd1 Rc5 35. Bb3 Bc4 36. Kg2 Bxb3 37. axb3 Nb5
38. Nf3 h6 39. Re1 Rc3 40. Nd2 d5 41. b4 Rd3 42. Nf1 d4 43. Nh2 Rb3 44. Ng4+
Kg7 45. Ne5 Nc7 46. Nc6 Kf6 47. Re4 g5 48. Rxd4 Kxe6 49. hxg5 hxg5 50. Rg4 Kd6
51. Nd4 Rxb4 52. Nf5+ Kc5 53. Rxg5 e5 54. Ne3 Kd6 55. Ng4 Ne6 56. Rg6 e4 57.
Ne3 Ke5 58. Rh6 Rb1 59. Rh5+ Kf6 60. Ng4+ Kg6 61. Rh6+ Kf5 62. Ne3+ Ke5 63.
Nc4+ Kd5 64. Nd2 Re1 65. Rh5+ Kd4 66. Nb3+ Kc3 67. Re5 Nf4+ 68. gxf4 Kxb3 69.
f5 Ra1 70. Rxe4 Ra6 71. Kg3 Kc3 72. Kg4 Kd3 73. Re6 Ra2 74. f3 Kd4 75. f6 Ra8
76. Kf5 Kd5 77. Re1 Ra3 78. Rd1+ Kc6 79. f4 1-0

[Event "OLOA 1920 SK König Plauen II - SG AE M"]
[Site "?"]
[Date "2020.02.29"]
[Round "8.2"]
[White "Fischer, Erik"]
[Black "Koenig, Marco"]
[Result "1-0"]
[WhiteElo "2005"]
[BlackElo "2091"]
[PlyCount "61"]
[EventDate "2020.??.??"]
[EventType "team-tourn"]

1. e4 c5 2. Nf3 d6 3. Bb5+ Bd7 4. Bxd7+ Qxd7 5. c4 Nc6 6. d4 cxd4 7. Nxd4 Nf6
8. Nc3 e6 9. O-O Be7 10. Be3 O-O 11. Rc1 Rac8 12. b3 Rfd8 13. f4 b6 14. Kh1 Qb7
15. Qf3 Rd7 16. Nde2 Nb4 17. Bg1 d5 18. cxd5 exd5 19. e5 Ne8 20. f5 Bc5 21. Nd4
Bxd4 22. Bxd4 Nc6 23. Ne2 Nxd4 24. Nxd4 Rdc7 25. Rcd1 Rc3 26. Qf4 a6 27. f6 g6
28. Qh6 R8c7 29. Nf5 gxf5 30. Rxf5 Rc1 31. Rg5+ 1-0

[Event "OLOA 1920 SK König Plauen II - SG AE M"]
[Site "?"]
[Date "2020.02.29"]
[Round "8.3"]
[White "Noack, Marcel"]
[Black "Paul, Mathias"]
[Result "1/2-1/2"]
[WhiteElo "2028"]
[BlackElo "2151"]
[PlyCount "72"]
[EventDate "2020.??.??"]
[EventType "team-tourn"]

{[%evp 0,32,24,-20,-32,-32,-20,-28,-39,-49,-42,-36,-35,-18,3,-16,-16,-19,-4,
-46,7,-49,-25,-5,-5,-19,-1,-65,-49,-62,-27,-143,-104,-113,-107]} 1. f4 d5 2.
Nf3 g6 3. d3 Nf6 4. g3 Bg7 5. Bg2 c5 6. O-O O-O 7. Nc3 Nc6 8. e4 d4 9. Ne2 e5
10. f5 gxf5 11. exf5 Re8 12. Ng5 Ne7 13. Bh3 b6 14. Ne4 Ned5 15. g4 Nxe4 16.
dxe4 Qh4 17. Bg2 Ne3 18. Bxe3 dxe3 19. Nc3 Ba6 20. Re1 Rad8 21. Nd5 e2 22. Rxe2
Bxe2 23. Qxe2 Bh6 24. Qf2 Bg5 25. Qxh4 Bxh4 26. Kf1 f6 27. Ke2 Kf7 28. Kf3 Rg8
29. Bf1 h5 30. h3 hxg4+ 31. hxg4 Rh8 32. Bc4 Bg5 33. Kg2 Kg7 34. Rh1 Rxh1 35.
Kxh1 Bc1 36. b3 Rh8+ 1/2-1/2